5HLuxD.jpg

KING HENRY VIII SENIOR AND PRIMARY SCHOOL LIBRARY OPAC

POD / (Record no. 506)

000 -LEADER
fixed length control field 01165cam a2200289 a 4500
001 - CONTROL NUMBER
control field 5151724
003 - CONTROL NUMBER IDENTIFIER
control field OSt
005 - DATE AND TIME OF LATEST TRANSACTION
control field 20190819093837.0
008 - FIXED-LENGTH DATA ELEMENTS--GENERAL INFORMATION
fixed length control field 110329s2011 xna d 000 f eng d
020 ## - INTERNATIONAL STANDARD BOOK NUMBER
International Standard Book Number 9781937007430
035 ## - SYSTEM CONTROL NUMBER
System control number (OCoLC)711804405
040 ## - CATALOGING SOURCE
Original cataloging agency ANL
Language of cataloging eng
Modifying agency ANL
-- NSL
-- NSL
-- ANL
Transcribing agency KH8
042 ## - AUTHENTICATION CODE
Authentication code anuc
082 ## - DEWEY DECIMAL CLASSIFICATION NUMBER
Classification number FIC WAL
100 1# - MAIN ENTRY--PERSONAL NAME
Personal name Wallenfels, Stephen.
Relator term author
245 10 - TITLE STATEMENT
Title POD /
Statement of responsibility, etc. Stephen Wallenfels.
260 ## - PUBLICATION, DISTRIBUTION, ETC.
Place of publication, distribution, etc. New York :
Name of publisher, distributor, etc. Ace Books,
Date of publication, distribution, etc. 2012, ©2009.
300 ## - PHYSICAL DESCRIPTION
Extent 292 pages ;
Dimensions 18 cm
500 ## - GENERAL NOTE
General note Previously published online in the USA.
520 ## - SUMMARY, ETC.
Summary, etc. When the cataclysm arrives, Megs, a 12-year-old streetwise girl, is trapped in a hotel parking garage in Los Angeles; and 16-year-old Josh is stuck in a house in Prosser, Washington, with his increasingly obsessive-compulsive father. Food and water and time are running out. Will Megs survive long enough to find her mother? Will Josh and his father survive each other?
521 ## - TARGET AUDIENCE NOTE
Target audience note For young adults.
650 #0 - SUBJECT ADDED ENTRY--TOPICAL TERM
Topical term or geographic name entry element Science fiction.
650 #0 - SUBJECT ADDED ENTRY--TOPICAL TERM
Topical term or geographic name entry element Human-alien encounters
Source of heading or term Fiction.
650 #0 - SUBJECT ADDED ENTRY--TOPICAL TERM
Topical term or geographic name entry element Survival
Source of heading or term Fiction.
655 #7 - INDEX TERM--GENRE/FORM
Genre/form data or focus term Science fiction.
Source of term gsafd
942 ## - ADDED ENTRY ELEMENTS (KOHA)
Source of classification or shelving scheme
Koha item type Books - Fiction
Holdings
Withdrawn status Lost status Source of classification or shelving scheme Damaged status Not for loan Collection code Permanent Location Current Location Shelving location Date acquired Full call number Barcode Date last seen Price effective from Koha item type
          Fiction KH8 Senior School Library KH8 Senior School Library Young Adult 2019-08-19 FIC WAL 3KHSL000101158 2024-07-23 2019-08-19 Books - Fiction

Powered By KH8 IT Dept